How to write and publish a scientific paper / (Record no. 2078)

MARC details
000 -LEADER
fixed length control field 00641nam a22002297a 4500
001 - CONTROL NUMBER
control field BD-DhSAU 2078
003 - CONTROL NUMBER IDENTIFIER
control field BD-DhSAU
005 - DATE AND TIME OF LATEST TRANSACTION
control field 20150126114040.0
008 - FIXED-LENGTH DATA ELEMENTS--GENERAL INFORMATION
fixed length control field 150126b1983 ii a|||| |||| 001 0 eng d
020 ## - INTERNATIONAL STANDARD BOOK NUMBER
International Standard Book Number 070694528x
040 ## - CATALOGING SOURCE
Original cataloging agency BD-DhSAU
082 ## - DEWEY DECIMAL CLASSIFICATION NUMBER
Edition number 22
Classification number 808.0665
Item number DAH
100 ## - MAIN ENTRY--PERSONAL NAME
Personal name Day, Robert A.
245 ## - TITLE STATEMENT
Title How to write and publish a scientific paper /
Statement of responsibility, etc. Robert A. Day
260 ## - PUBLICATION, DISTRIBUTION, ETC. (IMPRINT)
Place of publication, distribution, etc. India :
Name of publisher, distributor, etc. Vikas Publishing House Pvt. Ltd. ,
Date of publication, distribution, etc. 1983.
300 ## - PHYSICAL DESCRIPTION
Extent xi, 160 p. :
Other physical details ill. ;
Dimensions 21 cm.
504 ## - BIBLIOGRAPHY, ETC. NOTE
Bibliography, etc include index
590 ## - Name of Cataloguer
Name of Cataloger tamanna
650 ## - SUBJECT ADDED ENTRY--TOPICAL TERM
Topical term or geographic name as entry element English
650 ## - SUBJECT ADDED ENTRY--TOPICAL TERM
Topical term or geographic name as entry element English writing
650 ## - SUBJECT ADDED ENTRY--TOPICAL TERM
Topical term or geographic name as entry element scientific paper writing
942 ## - ADDED ENTRY ELEMENTS (KOHA)
Source of classification or shelving scheme Dewey Decimal Classification
Koha item type Book
Holdings
Withdrawn status Lost status Source of classification or shelving scheme Damaged status Not for loan Home library Branch Name Shelving location Date acquired Total Checkouts Full call number Barcode Date last seen Price effective from Koha item type Collection code
    Dewey Decimal Classification     SAU Library SAU Library General Stacks 24/06/1992   808.0665 DAH 19888 26/01/2015 26/01/2015 Book  
    Dewey Decimal Classification     SAU Library SAU Library General Stacks 24/06/1992   808.0665 DAH 19887 26/01/2015 26/01/2015 Book  
    Dewey Decimal Classification   Not For Loan SAU Library SAU Library Reference 24/06/1992   808.0665 DAH 19885 22/07/2015 22/07/2015 Book Reference